| 000 | 01285nam a2200313 i 4500 | ||
|---|---|---|---|
| 003 | DO-SdBNP | ||
| 005 | 20251118080921.0 | ||
| 007 | ta | ||
| 008 | 251118b1997 dr ||||| |||| 00| 0 spa d | ||
| 040 |
_aDO-SdBNP _bspa _cBNPHU _erda |
||
| 041 | _aspa | ||
| 082 | 4 |
_a347.729305 _bP438p 1997 _222 |
|
| 100 | 1 |
_aPèrez Mèndez, Artagnan, _d1929-2017 _eautor _4aut. _977104 |
|
| 245 | 1 | 0 |
_aProcedimiento civil / _cArtagnan Pérez Méndez |
| 250 | _aSegunda edición | ||
| 264 | 1 |
_aSanto Domingo : _bEditora Taller, _c1997. |
|
| 300 |
_avolumen ; _c23 cm. |
||
| 336 |
_atexto _btxt _2rdacontent |
||
| 337 |
_asin mediación _bn _2rdamedia |
||
| 338 |
_avolumen _bnc _2rdacarrier |
||
| 500 | _aLa biblioteca posee el v.3 | ||
| 500 | _aIncluye referencias bibliográficas y notas al pie de páginas | ||
| 504 | _aBibliografía : páginas 377-381 | ||
| 505 |
_aLas vias de ejecución-- _tLas vias de distribución-- _tLos procedimientos conservatorios y ejecutorios-- _tLos procedimientos ejecutorios-- _tEl embargo retentivo-- _tEl embargo inmobiliario-- _tEmbargos especiales-- _tLos procedimientos de distribución-- _tLa distribución a prorrata. |
||
| 590 | _aInventariado, 2025/BT | ||
| 650 | 4 |
_aProcedimiento civil _zRepública Dominicana _916575 |
|
| 910 | _aBtavárez | ||
| 942 |
_2ddc _cLBS1 |
||
| 999 |
_c60051 _d60051 |
||